Liberalizácia verzus regulácia trhu s elektrinou

Uložené v:
Podrobná bibliografia
Hlavný autor: Kapec, Marián
Ďalší autori: Šipoš, Tomáš, 1982-
Médium: Kapitola
Jazyk:Slovak
Tagy: Pridať tag
Žiadne tagy, Buďte prvý, kto otaguje tento záznam!

MARC

LEADER 00000naa$a2200000$$$4500
001 0179092
005 20240502073037.3
041 0 |a slo 
044 |a SK 
245 1 0 |a Liberalizácia verzus regulácia trhu s elektrinou  |c Marián Kapec, Tomáš Šipoš 
500 |a Projekt Národný konvent o EÚ 
100 1 |a Kapec, Marián 
700 1 |a Šipoš, Tomáš, 1982-